00540nam a22001817a 450000500170000001000150001702000260003203500130005803500130007103700130008403700220009708200110011910000220013024500550015226000350020727000910024230000250033320130612124510.0 aENG-104589 a9789380929002c850.00 aEN-88122 aB-519631 bDBAD/PUB bMallika Books/Ven a004.03 aSharma, Nand Bhai aDictionary for BCA and MCA /cby Nand Bhai Sharma aJaipurbDND Publicationsc2011 a2, Shivgyan Avenue, (B-7), Near Yojna Bhawan, Yudishter Marg, C-SchemebJaipure302001 aviii,400p.c22cm(Hb)